Word Ladder: It's a Dud Quiz Stats

Quiz Updated Sep 8, 2016

Challenge
Share
Tweet
Embed
Score 0/22 Timer 03:00
0 Plays Today
Hint 4-Letter Word % Correct
The square root of 25FIVE
97%
Molly Ringwald movie, 'Pretty in ___'PINK
97%
☢ Plunge head first into water ☢DIVE
96.9%
US ten-cent coinDIME
96.8%
☢ To sack an employee ☢FIRE
96.5%
To conclude or cease an activitySTOP
96.4%
☢ What a sundial tells ☢TIME
96.4%
An Evergreen coniferous tree PINE
95.1%
A stair treadSTEP
94.9%
Easter marshmallow candyPEEP
94.3%
Slowly leak throughSEEP
94.3%
Hint 4-Letter Word % Correct
How a bird eats its foodPECK
93.5%
A secretive glancePEEK
93.3%
An electricity-conducting metallic strand WIRE
92.6%
Slang for an interception in American footballPICK
92%
☢ Water-conveying tube ☢PIPE
90.3%
At the pinnacle of somethingATOP
89.8%
To clean or rub with a clothWIPE
89.3%
☢ Basic unit of a chemical element ☢ATOM
89%
A large, heavy, scholarly bookTOME
86.4%
A subterranean cemeteryTOMB
83.7%
☢☢ COMMON BOND ☢☢BOMB
69.6%

Today's Daily Dose

Missing Word
Brians

On This Day
January 17th

You're not logged in!

Compare scores with friends on all Sporcle quizzes.
Sign Up with Email
OR
Log In

You Might Also Like...

Show Comments

Extras

Top Quizzes Today


Score Distribution

Your Account Isn't Verified!

In order to create a playlist on Sporcle, you need to verify the email address you used during registration. Go to your Sporcle Settings to finish the process.